Hozho : Walking in beauty : Native American stories of inspiration, humor, and life
Leading writers and poets, such as LeAnne Howe, Julian Lang, Caren Wallace, and Sulieman Allen, contribute to this collection of stories that captures the Native American spirit, humor, and reality. Hozho, the Navajo word meaning walking in beauty, explores such themes as invisibility, transcendence...
Guardado en:
| Formato: | Libro |
|---|---|
| Lenguaje: | Undetermined |
| Publicado: |
Chicago
Contemporary Books
2001
|
| Materias: | |
| Etiquetas: |
Agregar Etiqueta
Sin Etiquetas, Sea el primero en etiquetar este registro!
|
| Thư viện lưu trữ: | Trung tâm Học liệu Trường Đại học Cần Thơ |
|---|
| LEADER | 01101nam a2200217Ia 4500 | ||
|---|---|---|---|
| 001 | CTU_137574 | ||
| 008 | 210402s9999 xx 000 0 und d | ||
| 020 | |c 16.95 | ||
| 082 | |a 813.0108897 | ||
| 082 | |b H872 | ||
| 245 | 0 | |a Hozho : | |
| 245 | 0 | |b Walking in beauty : Native American stories of inspiration, humor, and life | |
| 245 | 0 | |c Edited by Paula Gunn Allen, Carolyn Dunn Anderson ; Foreword by Mark Robert Waldman | |
| 260 | |a Chicago | ||
| 260 | |b Contemporary Books | ||
| 260 | |c 2001 | ||
| 520 | |a Leading writers and poets, such as LeAnne Howe, Julian Lang, Caren Wallace, and Sulieman Allen, contribute to this collection of stories that captures the Native American spirit, humor, and reality. Hozho, the Navajo word meaning walking in beauty, explores such themes as invisibility, transcendence, the oral tradition, and the role of humor and irony in Indian culture. | ||
| 650 | |a American fiction,Short stories, american,Indians of North America,Truyện ngắn Mỹ | ||
| 650 | |x Indian authors | ||
| 904 | |i Giang | ||
| 980 | |a Trung tâm Học liệu Trường Đại học Cần Thơ | ||